| 000 | 01125nam2a2200265 4500 | ||
|---|---|---|---|
| 001 | RU\NLR\BIBL_A\022716633 | ||
| 005 | 20260218114939.0 | ||
| 010 |
_a978-5-907841-58-1 _94000 |
||
| 021 |
_aRU _bАЛ-П-25-01293и _9АЛ-П-25-0244 |
||
| 035 | _a(NLR Aleph) 022716633 | ||
| 090 |
_a13545784 _c13545784 |
||
| 100 | _a20260203d2025 u y0rusy50 ca | ||
| 101 | 1 |
_arus _cjpn |
|
| 102 | _aRU | ||
| 105 | _aa t 000ay | ||
| 200 | 0 |
_aКн. 12 _f[переводчик: С. Самойлова] |
|
| 210 | _d2025 | ||
| 215 |
_a330, [5] с. _cил. |
||
| 300 | _aЗапрещено для детей | ||
| 333 | _a18+ | ||
| 461 | 0 |
_1001RU\NLR\BIBL_A\012379300 _12001#$aСага о Винланде$e[комикс]$fМакото Юкимура$g[переводчик: Р. Буландо]$vКн. 12 _1700#1$aЮкимура$bМ.$gМакото$f1976-$3RU\NLR\AUTH\770222179 _911618284 _aЮкимура, М. (1976-) _cМосква _d2020- _fМакото Юкимура _nИстари комикс _o[комикс] _tСага о Винланде _vКн. 12 |
|
| 942 | _cBOOK | ||
| 980 | _aNB | ||